| 000 | 00827nam a22002057a 4500 | ||
|---|---|---|---|
| 008 | 140930b xxu||||| |||| 00| 0 eng d | ||
| 020 | _a9780801047497 | ||
| 050 | _aBT180.J8V36 2006 | ||
| 100 |
_aVanLandingham, Chris _911799 |
||
| 245 |
_aJudgment and Justification in EarlyJudaism and the Apostle Paul _cChris VanLandingham |
||
| 260 |
_aMassachusetts _bHendrickson Publishers _c2006 |
||
| 300 |
_axvi, 384p. ; _c24cm. |
||
| 650 |
_aJudgment of God _xhistory of doctrines _911800 |
||
| 650 |
_aJustification _xhistory of doctrines _911801 |
||
| 650 |
_aGrace (theology) _911802 |
||
| 650 |
_aJudaism _xhistory _xpost-exilic period _y586 B.C.-210 A.D. _911803 |
||
| 650 |
_aPaul, the Apostle, Saint _xtheology _911804 |
||
| 650 |
_aBible, N.T. Epistles of Paul _xCriticism, interpretation, etc. _911805 |
||
| 942 |
_2lcc _cMONOGRAPH |
||
| 999 |
_c120999 _d120999 |
||